Statistieken voor Landen met een letter - L

Klik hier om de quiz te nemen!

Algemene statistieken

  • Deze quiz is 38 keer genomen
  • De gemiddelde score is 59 van 66

Antwoordstatistieken

CategorieLand% Correct
1 x LAlbanië
100%
1 x LAngola
100%
1 x LAustralië
100%
1 x LBelgië
100%
1 x LBrazilië
100%
1 x LColombia
100%
1 x LFinland
100%
1 x LIerland
100%
1 x LIJsland
100%
2 x LLetland
100%
1 x LLibanon
100%
1 x LLibië
100%
1 x LLiechtenstein
100%
1 x LLitouwen
100%
1 x LLuxemburg
100%
1 x LNederland
100%
1 x LPortugal
100%
1 x LZwitserland
100%
1 x LAlgerije
92%
1 x LBelarus
92%
1 x LBelize
92%
1 x LBolivia
92%
1 x LBulgarije
92%
2 x LCentraal-Afrikaanse Republiek
92%
1 x LChili
92%
1 x LDuitsland
92%
2 x LEl Salvador
92%
1 x LEstland
92%
1 x LGriekenland
92%
1 x LIsraël
92%
1 x LLaos
92%
1 x LLesotho
92%
1 x LMalawi
92%
1 x LMalta
92%
1 x LMoldavië
92%
1 x LNepal
92%
1 x LPolen
92%
1 x LRusland
92%
1 x LSlowakije
92%
1 x LDemocratische Republiek Congo
85%
1 x LDominicaanse Republiek
85%
1 x LItalië
85%
1 x LMaldiven
85%
1 x LMaleisië
85%
1 x LMali
85%
1 x LMongolië
85%
1 x LNieuw-Zeeland
85%
1 x LRepubliek Congo
85%
1 x LSaint Lucia
85%
1 x LSlovenië
85%
1 x LSri Lanka
85%
1 x LThailand
85%
1 x LTuvalu
85%
1 x LFilipijnen
77%
1 x LGuatemala
77%
1 x LLiberia
77%
3 x LMarshalleilanden
77%
2 x LSalomonseilanden
77%
1 x LSenegal
77%
2 x LSeychellen
77%
1 x LSomalië
77%
1 x LVenezuela
77%
1 x LBangladesh
69%
1 x LEquatoriaal-Guinea
62%
1 x LPalau
62%
1 x LSierra Leone
62%

Scoreverdeling

Percentiel versus Aantal Correcte Antwoorden

Procent van Mensen met Elke Score

Uw Scoregeschiedenis

U heeft deze quiz nog niet genomen